Vista con un granello di sabbia : poesie 1957-1993 /

Gespeichert in:
Bibliographische Detailangaben
1. Verfasser: Szymborska, Wisława
Weitere Verfasser: Marchesani, Pietro, (1942-2011)
Format: Buch
Sprache:Italienisch
Veröffentlicht: Milano : Adelphi, 2008
Ausgabe:Nuova edizione riveduta
Tags: Tag hinzufügen
Keine Tags, Fügen Sie das erste Tag hinzu!

MARC

LEADER 00000nam a22000007i 4500
001 IT\ICCU\PBE\0192371
003 ItRI
005 20251028180910.0
008 220504s2008 it |||||| ||||| |||||c
020 |a 9788845918858 
040 |b ita  |c ct 
041 7 |a ita  |2 ISO-639-2 
100 1 |a Szymborska, Wisława  |0 IT\ICCU\MILV\002019 
245 1 0 |a Vista con un granello di sabbia :  |b poesie 1957-1993 /  |c Wisława Szymborska ; a cura di Pietro Marchesani. 
250 |a Nuova edizione riveduta 
260 |a Milano :  |b Adelphi,  |c 2008 
300 |a 239 p. ;  |c 22 cm 
700 1 |a Marchesani, Pietro,  |d  (1942-2011)  |0 IT\ICCU\CFIV\028324 
942 |2 ddc  |c BK 
952 |0 0  |1 0  |2 ddc  |4 0  |6 891_700000000000000_SZY_VIS  |7 1  |9 142  |a GE  |b GE  |d 2023-11-07  |l 0  |o 891.7 SZY VIS  |p 3711  |r 2023-11-08 15:23:49  |w 2023-11-08  |y BK 
999 |c 120  |d 120